Cricket-Quiz (Record no. 2604)
[ view plain ]
| 000 -LEADER | |
|---|---|
| fixed length control field | 00214nam a22000857a 4500 |
| 008 - FIXED-LENGTH DATA ELEMENTS--GENERAL INFORMATION | |
| fixed length control field | 160718b xxu||||| |||| 00| 0 eng d |
| 100 ## - MAIN ENTRY--PERSONAL NAME | |
| 9 (RLIN) | 3041 |
| Personal name | Singh A |
| 245 ## - TITLE STATEMENT | |
| Title | Cricket-Quiz |
| 260 ## - PUBLICATION, DISTRIBUTION, ETC. (IMPRINT) | |
| Place of publication, distribution, etc. | New Delhi |
| Name of publisher, distributor, etc. | SET Publication |
| Date of publication, distribution, etc. | 2009 |
| Withdrawn status | Lost status | Source of classification or shelving scheme | Damaged status | Not for loan | Home library | Current library | Shelving location | Date acquired | Total Checkouts | Full call number | Barcode | Date last seen | Date last checked out | Price effective from | Koha item type | Total Renewals |
|---|---|---|---|---|---|---|---|---|---|---|---|---|---|---|---|---|
| Dewey Decimal Classification | Good Samaritan School Library | Good Samaritan School Library | 07/18/2016 | 4 | 796 | SIN8908 | 08/21/2019 | 08/14/2019 | 07/18/2016 | BOOK | ||||||
| Dewey Decimal Classification | Good Samaritan School Library | Good Samaritan School Library | 07/18/2016 | 5 | 796 | SIN8909 | 08/26/2025 | 08/25/2025 | 07/18/2016 | BOOK | 1 |